000 00343nam a2200145Ia 4500
008 230917s9999||||xx |||||||||||||| ||und||
040 _e104758
_aMAIN
041 _aEnglish
082 _a155.5 K141A
100 _aKaplan, Paul S
245 0 _aAdolescence
260 _aBoston
_bHoughton mifflin co.
_c2004
300 _a537 p.
942 _cBK
999 _c118398
_d118398